Плавать должен каждый

Bibliographische Detailangaben
1. Verfasser: Короп Ю. А. Юрий Александрович
Weitere Verfasser: Цвек С. Ф. Станислав Феликсович
Zusammenfassung:Исключено из фонда НТБ ТПУ
Sprache:Russisch
Veröffentlicht: Киев, Здоров,я, 1985
Schlagworte:
Format: MixedMaterials Buch
KOHA link:https://koha.lib.tpu.ru/cgi-bin/koha/opac-detail.pl?biblionumber=131462

MARC

LEADER 00000nam0a2200000 4500
001 131462
005 20250528101311.0
035 |a (RuTPU)RU\TPU\book\142386 
090 |a 131462 
100 |a 20080218d1985 m y0rusy5003 ca 
101 0 |a rus 
102 |a UA 
105 |a a z 000zy 
200 1 |a Плавать должен каждый  |f Ю. А. Короп, С. Ф. Цвек 
210 |a Киев  |c Здоров,я  |d 1985 
215 |a 96 с.  |c ил. 
333 |a Исключено из фонда НТБ ТПУ 
610 1 |a спорт 
610 1 |a плавание 
610 1 |a физиология 
610 1 |a гигиена 
610 1 |a спортивные способы 
610 1 |a техника 
610 1 |a обучение 
610 1 |a ГТО 
675 |a 796.1 
700 1 |a Короп  |b Ю. А.  |g Юрий Александрович  |4 070 
701 1 |a Цвек  |b С. Ф.  |g Станислав Феликсович  |4 070 
801 0 |a RU  |b RuMRKP  |c 19950704  |g psbo 
801 1 |a RU  |b 63413507  |c 20080218  |g PSBO 
801 2 |a RU  |b 63413507  |c 20080218  |g PSBO 
850 |a 63413507 
942 |c BK